000 00329nam a2200145Ia 4500
008 230917s9999||||xx |||||||||||||| ||und||
040 _e140715
_aMAIN
041 _aEnglish
082 _a346.03 R186A
100 _aRattan lal
245 0 _aApkritya vidhi
250 _a25th ed.
260 _aDelhi
_bWadhwa
_c973
942 _cBK
999 _c146407
_d146407